Výpočet radiačnej situácie v okolí neutrónového generátora

Gespeichert in:
Bibliographische Detailangaben
1. Verfasser: Kleštinec, Matej (Verfasst von)
Weitere Verfasser: Vrban, Branislav (Betreuung Doktorarbeit)
Format: Manuskript Buch
Sprache:Slowakisch
Veröffentlicht: 2025
Schlagworte:
Online-Zugang:http://is.stuba.sk/zp/portal_zp.pl?podrobnosti=184569
Tags: Tag hinzufügen
Keine Tags, Fügen Sie das erste Tag hinzu!

MARC

LEADER 00000ntm a22000003a 4500
001 stuzp104225
003 SK-STU
005 20250614212808.7
007 ta
008 150427s2015----xo-----f-mn---000-0-slo-d
040 |a STU  |b slo 
041 0 |a slo 
100 1 |a Kleštinec, Matej  |u 036000  |4 aut  |U FEI Fakulta elektrotechniky a informatiky  |T FEI Ústav jadrového a fyzikálneho inžinierstva  |X 111252  |U E060  |Y 817  |7 111252 
242 0 1 |a Simulation of the radiation fields around the neutron generator  |y eng 
245 1 0 |a Výpočet radiačnej situácie v okolí neutrónového generátora 
260 |c 2025 
650 4 |a radiation situation  |2 eng 
650 4 |a activation  |2 eng 
650 4 |a neutron generator  |2 eng 
650 4 |a X-ray  |2 eng 
650 4 |a aktivácia  |2 slo 
650 4 |a radiačná situácia  |2 slo 
650 4 |a röntgenová lampa  |2 slo 
650 4 |a neutrónový generátor  |2 slo 
700 1 |a Vrban, Branislav  |u 036000  |k Z1  |4 ths  |U FEI Fakulta elektrotechniky a informatiky  |T FEI Ústav jadrového a fyzikálneho inžinierstva  |X 29008  |U E060  |Y 817  |7 A000029008 
856 4 |u http://is.stuba.sk/zp/portal_zp.pl?podrobnosti=184569